[Event "Staatsliga B/West"]
[Site "Bregenz"]
[Date "1998.10.18"]
[Round "2.2"]
[White "Schmidlechner, Alexander"]
[Black "Sucher, Johannes"]
[Result "1/2-1/2"]
[WhiteElo "2155"]
[BlackElo "2205"]
[PlyCount "52"]
[EventDate "1998.10.17"]

1. d4 e6 2. c4 d5 3. Nf3 Nf6 4. Nc3 c5 5. cxd5 cxd4 6. Qa4+ Nbd7 7. Nxd4 Nxd5
8. Nxd5 exd5 9. Bd2 Bc5 10. Bc3 O-O 11. g3 Nb6 12. Qb5 Qe7 13. Nb3 Bd6 14. Qd3
Re8 15. e3 Bd7 16. Bg2 Qg5 17. O-O Qh5 18. e4 Bg4 19. f3 Be6 20. Rad1 Rad8 21.
Qd4 f6 22. Ba5 dxe4 23. Bxb6 Bc7 24. Bxc7 Rxd4 25. Nxd4 Qc5 26. Bf4 exf3
1/2-1/2

[Event "Staatsliga B/West"]
[Site "Bregenz"]
[Date "1998.10.18"]
[Round "2.3"]
[White "Bezler, Rainer"]
[Black "Mittelberger, Peter"]
[Result "1-0"]
[WhiteElo "2225"]
[BlackElo "2230"]
[PlyCount "109"]
[EventDate "1998.10.17"]

1. d4 d6 2. c4 Nf6 3. Nc3 g6 4. e4 Bg7 5. Nf3 O-O 6. Be2 e5 7. O-O Nbd7 8. d5
Nc5 9. Qc2 a5 10. Bg5 Bd7 11. Nd2 h6 12. Bh4 g5 13. Bg3 h5 14. f3 Nh7 15. Bf2
f5 16. Bxc5 dxc5 17. exf5 Bxf5 18. Bd3 Qd7 19. Bxf5 Rxf5 20. Nde4 Bf8 21. Ng3
Rf4 22. Qg6+ Kh8 23. Nce4 Ra6 24. d6 Bxd6 25. Rad1 h4 26. Nh5 Rf8 27. Nhf6 Qg7
28. Qxg7+ Kxg7 29. Nxh7 Kxh7 30. Nxg5+ Kg6 31. Ne4 Rb6 32. Rf2 Kf5 33. g4+ hxg3
34. hxg3 Ke6 35. Rd5 Rb4 36. Nxc5+ Ke7 37. Nd3 Rxc4 38. Nxe5 Rc1+ 39. Kg2 Ke6
40. Rxa5 Bxe5 41. Re2 c5 42. f4 Rf5 43. Ra8 Kd6 44. Rd8+ Kc7 45. Rd5 Rxf4 46.
gxf4 Bxf4 47. Kf3 Bd6 48. Re6 Bf8 49. Ke2 Bg7 50. Rf5 Bxb2 51. Rf7+ Kb8 52. Rb6
Be5 53. Rbxb7+ Ka8 54. Ra7+ Kb8 55. Rae7 1-0

[Event "Staatsliga B/West"]
[Site "Bregenz"]
[Date "1998.10.18"]
[Round "2.4"]
[White "Novkovic, Julia"]
[Black "Maier, Peter"]
[Result "0-1"]
[WhiteElo "2135"]
[BlackElo "2085"]
[PlyCount "148"]
[EventDate "1998.10.17"]

1. e4 d5 2. exd5 Qxd5 3. Nc3 Qa5 4. d4 c6 5. Bc4 Bf5 6. Nf3 e6 7. O-O Nf6 8.
Re1 Be7 9. Bg5 O-O 10. Ne5 Qc7 11. Qe2 Nbd7 12. Nxd7 Qxd7 13. Rad1 Rfe8 14. Rd2
b5 15. Bb3 b4 16. Nd1 Ne4 17. Bxe7 Nxd2 18. Qxd2 Qxe7 19. Re5 Rad8 20. Ne3 Qd6
21. Qe1 Qxd4 22. Ra5 Be4 23. Ra4 c5 24. c3 Qd2 25. Qxd2 Rxd2 26. Nc4 Rdd8 27.
cxb4 cxb4 28. Rxb4 Bd5 29. h3 Bxc4 30. Bxc4 Rb8 31. Ra4 Re7 32. b3 Rc7 33. Ra5
Kf8 34. Kf1 Ke7 35. Rg5 Kf6 36. f4 Rd8 37. Ke2 Rcd7 38. Ke3 Rd2 39. a4 R2d6 40.
Ra5 R8d7 41. Rc5 Rd2 42. Kf3 Rc2 43. Ra5 Rc3+ 44. Ke2 g6 45. Rb5 h5 46. a5 Rg3
47. Kf2 h4 48. a6 Rd2+ 49. Be2 Rxg2+ 50. Kxg2 Rxe2+ 51. Kf3 Ra2 52. Kg4 Rxa6
53. Kxh4 Rb6 54. Ra5 Rxb3 55. Rxa7 Rb4 56. Kg3 Rb1 57. Rc7 Rf1 58. Rc5 Rd1 59.
Rc7 Rd5 60. h4 Rf5 61. Rc6 Ke7 62. Ra6 Rd5 63. Ra7+ Rd7 64. Ra3 Kf6 65. Kg4 Kg7
66. h5 gxh5+ 67. Kxh5 Rd4 68. Kg4 e5 69. Rf3 Kg6 70. Kg3 e4 71. Rf1 Kf5 72. Kh3
e3 73. Kg3 Ke4 74. f5 e2 0-1

[Event "Staatsliga B/West"]
[Site "Bregenz"]
[Date "1998.10.18"]
[Round "2.5"]
[White "Kleiser, Gregor"]
[Black "Eiler, Gebhard"]
[Result "0-1"]
[WhiteElo "2150"]
[BlackElo "2080"]
[PlyCount "149"]
[EventDate "1998.10.17"]

1. e4 c5 2. Nf3 Nc6 3. d4 cxd4 4. Nxd4 g6 5. Nc3 Bg7 6. Be3 Nf6 7. Bc4 Qa5 8.
f3 Qb4 9. Bb3 Nxe4 10. Nxc6 Bxc3+ 11. bxc3 Qxc3+ 12. Ke2 dxc6 13. Bd4 e5 14.
fxe4 exd4 15. Qd3 Bg4+ 16. Kf2 Qxd3 17. cxd3 O-O 18. Rhc1 Be6 19. Rab1 Rac8 20.
Ba4 Rc7 21. Rb4 Rd8 22. a3 c5 23. Rb2 Kf8 24. Bd1 Ke7 25. Rcb1 b6 26. a4 f5 27.
Bf3 fxe4 28. Bxe4 Kd6 29. a5 bxa5 30. Ra1 Bd5 31. Bf3 Bxf3 32. gxf3 Rf8 33. Kg3
Rcf7 34. Rf2 Re7 35. Rxa5 Rff7 36. Rc2 Rc7 37. Rc4 Rfe7 38. Rca4 Kd5 39. Kg4
Rb7 40. Rc4 Rbc7 41. Ra3 Rf7 42. Ra5 h5+ 43. Kg3 g5 44. Rca4 h4+ 45. Kg2 Rb7
46. Rc4 Rbc7 47. Rca4 Rfe7 48. Ra6 Ke5 49. Rg6 Rg7 50. Rh6 Rb7 51. Raa6 Rb6 52.
Raxb6 axb6 53. Rxb6 Kf4 54. Kf2 Ra7 55. Rf6+ Ke5 56. Rc6 Ra2+ 57. Ke1 Ra5 58.
Ke2 Kf5 59. Kd2 Kf4 60. Rf6+ Ke5 61. Rc6 Kf5 62. Ke2 g4 63. fxg4+ Kxg4 64. Rg6+
Kh3 65. Rg5 Kxh2 66. Kf3 h3 67. Re5 Ra1 68. Rxc5 Re1 69. Rd5 Re3+ 70. Kf2 Rxd3
71. Ke2 Rg3 72. Rxd4 Kg2 73. Rf4 h2 74. Rf2+ Kh3 75. Rf1 0-1

[Event "Staatsliga B/West"]
[Site "Bregenz"]
[Date "1998.10.18"]
[Round "2.1"]
[White "Novkovic, Milan"]
[Black "Hausner, Ivan"]
[Result "1/2-1/2"]
[WhiteElo "2400"]
[BlackElo "2405"]
[PlyCount "21"]
[EventDate "1998.10.17"]

1. d4 d6 2. c4 e5 3. Nf3 exd4 4. Nxd4 g6 5. Nc3 Bg7 6. g3 Ne7 7. Bg2 Nd7 8. O-O
O-O 9. Qc2 Ne5 10. b3 a5 11. Bb2 1/2-1/2

[Event "Staatsliga B/West"]
[Site "Bregenz"]
[Date "1998.10.18"]
[Round "2.2"]
[White "Gross, David"]
[Black "Poettinger, Harald"]
[Result "1/2-1/2"]
[WhiteElo "2340"]
[BlackElo "2270"]
[PlyCount "127"]
[EventDate "1998.10.17"]

1. e4 e6 2. d4 d5 3. Nc3 dxe4 4. Nxe4 Nd7 5. Nf3 Ngf6 6. Nxf6+ Nxf6 7. Bd3 c5
8. dxc5 Bxc5 9. O-O O-O 10. Bg5 b6 11. Qe2 Bb7 12. Rfd1 Qc7 13. Bxf6 gxf6 14.
Be4 Bxe4 15. Qxe4 Rfd8 16. c3 Rac8 17. g3 Kg7 18. Qe2 Qb7 19. Ne1 Rd5 20. Rxd5
Qxd5 21. Rd1 Qxa2 22. Rd7 Kf8 23. Qh5 e5 24. Qxh7 Ke8 25. Rb7 Bf8 26. Qd3 Qa4
27. Qf5 Qc6 28. Rxa7 b5 29. Qf3 Bc5 30. Qxc6+ Rxc6 31. Rb7 b4 32. cxb4 Bd4 33.
Nf3 Rc2 34. Nxd4 exd4 35. Kg2 Rxb2 36. Kf3 d3 37. h4 d2 38. Ke2 d1=Q+ 39. Kxd1
Rxf2 40. Rc7 Rb2 41. Rc4 f5 42. Kc1 Rb3 43. g4 fxg4 44. Rxg4 Kd7 45. Kc2 Re3
46. Rc4 Kd6 47. b5 Kd5 48. Rc3 Re6 49. Rb3 Rb6 50. Kd3 Kc5 51. Rb1 Rd6+ 52. Ke3
Rb6 53. Kf4 Rf6+ 54. Kg5 Rg6+ 55. Kh5 Rg8 56. Kh6 Rg6+ 57. Kh7 Rg4 58. h5 f5
59. h6 Rg3 60. Re1 f4 61. Re5+ Kb6 62. Rf5 Ka5 63. Kh8 Rg6 64. Kh7 1/2-1/2

[Event "Staatsliga B/West"]
[Site "Bregenz"]
[Date "1998.10.18"]
[Round "2.4"]
[White "Kupfner, Franz"]
[Black "Mira, Helene"]
[Result "0-1"]
[WhiteElo "2160"]
[BlackElo "2125"]
[PlyCount "100"]
[EventDate "1998.10.17"]

1. d4 d5 2. Nf3 Nf6 3. e3 Bg4 4. c4 c6 5. Nc3 e6 6. Qb3 Qb6 7. Bd2 Nbd7 8. Rc1
Qxb3 9. axb3 Bb4 10. Na4 Be7 11. Bd3 Bxf3 12. gxf3 e5 13. dxe5 Nxe5 14. Be2
dxc4 15. bxc4 O-O-O 16. Rg1 g6 17. Bc3 Nd3+ 18. Bxd3 Rxd3 19. Ke2 Rhd8 20. Rc2
R3d7 21. Ra1 b6 22. b3 Nh5 23. b4 Bf6 24. b5 cxb5 25. cxb5 Rc7 26. Rac1 Kb7 27.
Bxf6 Rxc2+ 28. Rxc2 Nxf6 29. Rc4 Nd5 30. Rd4 Kc7 31. Kd2 Rd6 32. Kc2 Ne7 33.
Rc4+ Kb7 34. Nc3 f5 35. f4 Rd7 36. Ne2 Nd5 37. Rd4 Rc7+ 38. Kd2 Rc5 39. f3 Rxb5
40. e4 Rb2+ 41. Ke1 Nc7 42. e5 a5 43. Nc3 Rc2 44. Rd3 b5 45. Kd1 Rxh2 46. Rd6
a4 47. e6 a3 48. e7 a2 49. Nxa2 Rxa2 50. Rd7 Ra8 0-1

[Event "Staatsliga B/West"]
[Site "Bregenz"]
[Date "1998.10.18"]
[Round "2.6"]
[White "Eberharter, Johann"]
[Black "Gasser, Klaus"]
[Result "1-0"]
[WhiteElo "2160"]
[BlackElo "2060"]
[PlyCount "73"]
[EventDate "1998.10.17"]

1. c4 Nf6 2. b3 d6 3. g3 g6 4. Bg2 Bg7 5. Bb2 O-O 6. Nc3 e5 7. d3 c6 8. Qd2 a5
9. e3 Na6 10. Nge2 Be6 11. d4 Qc8 12. Na4 Qc7 13. Rc1 Bf5 14. O-O Ne4 15. Qd1
h5 16. Nec3 Ng5 17. h4 Nh7 18. Ne4 Bg4 19. Qd2 f5 20. Nec3 f4 21. Rfe1 Bh6 22.
Nb5 fxe3 23. fxe3 Qe7 24. dxe5 cxb5 25. exd6 Qd7 26. Nb6 Qe8 27. Nxa8 Nb4 28.
Nc7 Qd7 29. c5 Nf6 30. a3 Nc6 31. Nxb5 Nd5 32. Bxd5+ Kh7 33. Rf1 Bf5 34. Qc3
Bg7 35. Qxg7+ Qxg7 36. Bxg7 Kxg7 37. Bg2 1-0

[Event "Staatsliga B/West"]
[Site "Bregenz"]
[Date "1998.10.18"]
[Round "2.1"]
[White "Pilz, Dieter"]
[Black "Dobosz, Henryk"]
[Result "0-1"]
[WhiteElo "2260"]
[BlackElo "2405"]
[PlyCount "56"]
[EventDate "1998.10.17"]

1. e4 e6 2. d4 d5 3. Nc3 Nc6 4. Nf3 Nf6 5. Bd3 Nb4 6. O-O Nxd3 7. Qxd3 dxe4 8.
Nxe4 Be7 9. Bg5 O-O 10. Nxf6+ Bxf6 11. Bxf6 Qxf6 12. Rfe1 b6 13. Ne5 Bb7 14.
Re3 Rfd8 15. Rae1 c5 16. Rh3 h6 17. c3 cxd4 18. c4 Qf5 19. Qd1 f6 20. Rh5 Qh7
21. Ng4 Kf7 22. Qe2 Rd6 23. c5 d3 24. Qd1 bxc5 25. Rxc5 d2 26. Rc7+ Kf8 27. Re2
Qd3 28. Rc3 Qxe2 0-1

[Event "Staatsliga B/West"]
[Site "Bregenz"]
[Date "1998.10.18"]
[Round "2.3"]
[White "Hengl, Christian"]
[Black "Lutzenberger, Reimund"]
[Result "1/2-1/2"]
[WhiteElo "2180"]
[BlackElo "2275"]
[PlyCount "147"]
[EventDate "1998.10.17"]

1. e4 e6 2. d4 d5 3. e5 c5 4. c3 Nc6 5. Nf3 Bd7 6. a3 c4 7. Be2 Na5 8. Nbd2 Ne7
9. Rb1 Nc8 10. O-O Nb6 11. Qe1 Ba4 12. Bd1 Qd7 13. Bxa4 Nxa4 14. Qd1 Rc8 15.
Qc2 Be7 16. g3 Qb5 17. Ne1 Rc6 18. Ng2 Nb3 19. Ne3 Rb6 20. Nxb3 Qxb3 21. Qxb3
Rxb3 22. Nd1 Bxa3 23. Ra1 Bxb2 24. Nxb2 Nxb2 25. Rxa7 Kd7 26. Bxb2 Rxb2 27. f4
g6 28. Rfa1 h5 29. h3 Rb8 30. Rf1 Rc2 31. Rf3 Kc6 32. Ra3 b5 33. Ra6+ Rb6 34.
Ra7 Rb7 35. Ra6+ Kc7 36. g4 hxg4 37. hxg4 b4 38. cxb4 Rxb4 39. f5 gxf5 40. gxf5
Rb1+ 41. Rf1 Rxf1+ 42. Kxf1 exf5 43. Rd6 Rd2 44. Rxd5 c3 45. Ke1 f4 46. Rc5+
Kd7 47. Rxc3 Rxd4 48. Kf2 Ke6 49. Rc7 Rd3 50. Ke2 Re3+ 51. Kf2 Rxe5 52. Kf3 Rf5
53. Rc6+ Ke5 54. Ra6 Rf6 55. Ra5+ Ke6 56. Rb5 Ke7 57. Rb8 Ke6 58. Rb5 Rf5 59.
Rb6+ Ke7 60. Ra6 Rf6 61. Ra7+ Kf8 62. Ra1 Kg7 63. Rg1+ Kh6 64. Rg2 Rg6 65. Ra2
Kg5 66. Ra5+ f5 67. Ra1 Rh6 68. Rg1+ Kf6 69. Kxf4 Rh4+ 70. Kf3 Ke5 71. Re1+ Re4
72. Rxe4+ fxe4+ 73. Ke3 Kd5 74. Ke2 1/2-1/2

[Event "Staatsliga B/West"]
[Site "Bregenz"]
[Date "1998.10.18"]
[Round "2.4"]
[White "Kranz, Armin"]
[Black "Baerner, Helmut"]
[Result "1-0"]
[WhiteElo "2185"]
[BlackElo "2160"]
[PlyCount "87"]
[EventDate "1998.10.17"]

1. d4 Nf6 2. Nf3 c5 3. d5 g6 4. c4 d6 5. Nc3 Bg7 6. e4 O-O 7. Be2 Bg4 8. h3
Bxf3 9. Bxf3 Nbd7 10. O-O a6 11. a4 Rb8 12. Be2 Ne8 13. Ra3 Nc7 14. Rb3 Re8 15.
Bf4 Bd4 16. Kh1 Ne5 17. Bg5 f6 18. Bd2 b5 19. axb5 axb5 20. Nxb5 Nxb5 21. Rxb5
Rxb5 22. cxb5 c4 23. f4 Nd7 24. Bxc4 Bxb2 25. Qb1 Bd4 26. Qd3 Qb6 27. Rb1 Ra8
28. Bc3 Bxc3 29. Qxc3 Qc5 30. Qb3 Nb6 31. Be2 Ra3 32. Qb2 Rc3 33. Bf3 Rc2 34.
Qa1 Kf7 35. e5 dxe5 36. fxe5 Nxd5 37. exf6 Nc3 38. Re1 Ra2 39. Qc1 exf6 40. Qh6
Kg8 41. b6 Rb2 42. b7 Qd6 43. Qe3 Nd5 44. Qd3 1-0